Explaining spacio-cide in the palestinian territory: colonization, separation, and state of exception /
Furkejuvvon:
| Váldodahkki: | |
|---|---|
| Materiálatiipa: | Texto |
| Fáddágilkorat: |
Lasit fáddágilkoriid
Eai fáddágilkorat, Lasit vuosttaš fáddágilkora!
|
MARC
| LEADER | 00000 a a2200000 04500 | ||
|---|---|---|---|
| 001 | 47217 | ||
| 003 | |||
| 040 | |||
| 100 | |a Hanafi, Sari | ||
| 245 | |a Explaining spacio-cide in the palestinian territory: |b colonization, separation, and state of exception / |c Sari Hanafi | ||
| 773 | |g volumen61, número2, (2013), páginas 190-205 | ||
| 999 | |c 36520 |d 36520 | ||
